Δικτύωση υπολογιστών : προσέγγιση από πάνω προς τα κάτω
Αποθηκεύτηκε σε:
| Κύριοι συγγραφείς: | , |
|---|---|
| Μορφή: | Βιβλίο |
| Γλώσσα: | Greek English |
| Δημοσίευση: |
Αθήνα :
Γκιούρδας,
2015, c2013.
|
| Έκδοση: | 6η έκδοση. |
| Θέματα: | |
| Ετικέτες: |
Προσθήκη ετικέτας
Δεν υπάρχουν, Καταχωρήστε ετικέτα πρώτοι!
|
MARC
| LEADER | 00000cam a2200000 i 4500 | ||
|---|---|---|---|
| 001 | 1/46376 | ||
| 008 | 140429r20132015gr | ||| |||| ||gre|| | ||
| 020 | |a 9789605126575 | ||
| 035 | |l 10117466 | ||
| 040 | |a GR-MyUa |b gre |e AACR2 | ||
| 041 | 1 | |a gre |h eng | |
| 082 | 7 | |a 004.678 |2 (23) | |
| 100 | 1 | |a Kurose, James F. | |
| 245 | 1 | 0 | |a Δικτύωση υπολογιστών : |b προσέγγιση από πάνω προς τα κάτω / |c James F. Kurose, Keith W. Ross ; απόδοση: Γιάννης Β. Σαμαράς ; επιστημονική επιμέλεια: Ιωάννης Μαυρίδης, Παναγιώτης Φουληράς. |
| 250 | |a 6η έκδοση. | ||
| 260 | |a Αθήνα : |b Γκιούρδας, |c 2015, c2013. | ||
| 300 | |a xxv, 858 σ. : |b εικ., πιν. ; |c 24 εκ. | ||
| 500 | |a Τίτλος πρωτοτύπου: Computer networking : a top-down approach, 6th ed. | ||
| 500 | |a Τα αντίτυπα c.4, c.5 και c.6 είναι 2η ελληνική επανέκδοση του 2015. | ||
| 504 | |a Βιβλιογραφία: σ.[789]-822. Ευρετήριο. | ||
| 650 | 0 | |a Internet. | |
| 650 | 0 | |a Computer networks. | |
| 700 | 1 | |a Ross, Keith W., |d 1956- |e aut | |
| 852 | |a INST |b SAMOS |e 20170220 |h 004.678 KUR |p 005300044369 |q 005300044369 |t BK |y 0 | ||
| 852 | |a INST |b SAMOS |c EUDOXUS |e 20140429 |h 004.678 KUR |p 005300036613 |q 005300036613 |t EDX |y 23 | ||
| 852 | |a INST |b SAMOS |c EUDOXUS |e 20150109 |h 004.678 KUR |p 005300041116 |q 005300041116 |t EDX |y 0 | ||
| 852 | |a INST |b SAMOS |c EUDOXUS |e 20150403 |h 004.678 KUR |p 005300042088 |q 005300042088 |t EDX |y 0 | ||
| 852 | |a INST |b SAMOS |c EUDOXUS |e 20160226 |h 004.678 KUR |p 005300043361 |q 005300043361 |t EDX |y 0 | ||
| 852 | |a INST |b SAMOS |c EUDOXUS |e 20160323 |h 004.678 KUR |p 005300043397 |q 005300043397 |t EDX |y 0 | ||
| 852 | |a INST |b SAMOS |c EUDOXUS |e 20170220 |h 004.678 KUR |p 005300044368 |q 005300044368 |t EDX |y 0 | ||
| 901 | |a BIBL3-2015-1 | ||
| 901 | |a BIBL3-2014-1 | ||
| 920 | |a ΕΥΔΟΞΟΣ |b ΕΠΙΣΤΡΟΦΗ |y Σάμος |z 2015-04 | ||
| 920 | |a ΕΥΔΟΞΟΣ |b ΕΠΙΣΤΡΟΦΗ |y Σάμος |z 2015-01 | ||
| 920 | |a Εύδοξος |b Επιστροφή |y Σάμος |z 2016-02 | ||
| 920 | |a Εύδοξος |b Επιστροφή |y Σάμος |z 2017-02 | ||
| 920 | |a Εύδοξος |b Επιστροφή |y Σάμος |z 2016-03 | ||
| 920 | |a ΕΥΔΟΞΟΣ |b ΕΠΙΣΤΡΟΦΗ |y Σάμος |z 2014-04 | ||
| 970 | |a ΓΟΥΒΑΛΑ |b ΒΑΣΩ |z 2014/04/29 | ||